[Event "NCL967 Slough-NW Eagles"]
[Site "Rd1"]
[Date "1996.10.19"]
[Round "1.7"]
[White "Gold, David"]
[Black "Tebb, David"]
[Result "1/2-1/2"]
[WhiteElo "2035"]
[BlackElo "2320"]
[PlyCount "59"]
[EventDate "1996.10.19"]
[Source "J.Saunders"]
[SourceDate "1998.06.06"]

1. e4 c5 2. Nf3 Nc6 3. Bb5 g6 4. O-O Nf6 5. Re1 Bg7 6. c3 O-O 7. d4 d5 8. e5
Ne4 9. Nbd2 cxd4 10. cxd4 Bf5 11. Nb3 f6 12. exf6 exf6 13. Be3 Rc8 14. Rc1 Qb6
15. Bf1 Bg4 16. Nc5 Rce8 17. b4 Qxb4 18. Rb1 Nc3 19. Rxb4 Nxd1 20. Rxb7 Nxe3
21. fxe3 Bxf3 22. Bb5 Bh6 23. Bxc6 Rxe3 24. Reb1 Bg4 25. Rxa7 Rc3 26. Bxd5+ Kh8
27. h3 Be3+ 28. Kf1 Bxd4 29. hxg4 Rxc5 30. Rd7 1/2-1/2

[Event "NCL967 Witney-Barbican"]
[Site "Rd1"]
[Date "1996.10.19"]
[Round "1.1"]
[White "Ansell, Simon"]
[Black "Crouch, Colin"]
[Result "1-0"]
[WhiteElo "2420"]
[BlackElo "2375"]
[PlyCount "71"]
[EventDate "1996.10.19"]
[Source "J.Saunders"]
[SourceDate "1998.06.06"]

1. e4 e6 2. d4 d5 3. e5 c5 4. c3 Ne7 5. Nf3 Nec6 6. Bd3 b6 7. O-O a5 8. Qe2 Ba6
9. Bxa6 Rxa6 10. dxc5 bxc5 11. c4 d4 12. Bf4 Be7 13. Nbd2 Nd7 14. Ne1 O-O 15.
Nd3 Nb4 16. Nf3 Rb6 17. Nxb4 Rxb4 18. b3 h6 19. Bd2 Rb7 20. Qe4 Ra7 21. Rab1
Qa8 22. Qg4 Kh8 23. Rfe1 Rb8 24. h4 Bf8 25. h5 Nb6 26. Qf4 a4 27. g4 axb3 28.
axb3 Qb7 29. g5 Ra3 30. gxh6 gxh6 31. Kh2 Bg7 32. Rg1 Rg8 33. Rg3 Nxc4 34. Rbg1
Nxd2 35. Rxg7 Nxf3+ 36. Qxf3 1-0

[Event "NCL967 Witney-Barbican"]
[Site "Rd1"]
[Date "1996.10.19"]
[Round "1.2"]
[White "Pritchett, Craig"]
[Black "Truran, Michael"]
[Result "1-0"]
[WhiteElo "2325"]
[BlackElo "2255"]
[PlyCount "105"]
[EventDate "1996.10.19"]
[Source "J.Saunders"]
[SourceDate "1998.06.06"]

1. Nf3 d6 2. d4 f5 3. b3 Nf6 4. Bb2 g6 5. Nbd2 Bg7 6. c4 O-O 7. Qc2 c6 8. g3
Qe8 9. Bg2 Ng4 10. h3 Nh6 11. d5 Bxb2 12. Qxb2 e5 13. dxe6 Bxe6 14. O-O Nd7 15.
Qd4 Qe7 16. Rad1 Nf7 17. e4 Qf6 18. Qxf6 Nxf6 19. Nd4 Rfe8 20. Nxe6 Rxe6 21.
exf5 gxf5 22. Nf3 Re2 23. Nd4 Rxa2 24. Nxf5 Rb2 25. Nxd6 Rxb3 26. Nxf7 Kxf7 27.
Rb1 Rb6 28. c5 Rxb1 29. Rxb1 Rb8 30. Bxc6 b6 31. Bf3 Nd7 32. Ra1 Nxc5 33. Rxa7+
Kg6 34. Rc7 Re8 35. Kg2 Re6 36. h4 h6 37. Bd5 Rd6 38. Bc4 Kf6 39. f4 Kg6 40. g4
h5 41. Bf7+ Kf6 42. Bxh5 Nd7 43. Kf3 Ke7 44. g5 Kd8 45. Rc3 b5 46. Rb3 Rb6 47.
Bg4 Nc5 48. Rb4 Na6 49. Rd4+ Ke8 50. h5 b4 51. h6 Kf7 52. Rd7+ Kg8 53. Bf5 1-0

[Event "NCL967 Witney-Barbican"]
[Site "Rd1"]
[Date "1996.10.19"]
[Round "1.3"]
[White "Haydon, Richard"]
[Black "Rogers, Jonathan"]
[Result "1/2-1/2"]
[WhiteElo "2220"]
[BlackElo "2300"]
[PlyCount "140"]
[EventDate "1996.10.19"]
[Source "J.Saunders"]
[SourceDate "1998.06.06"]

1. Nf3 Nf6 2. g3 g6 3. Bg2 Bg7 4. O-O O-O 5. c4 d6 6. Nc3 e5 7. d4 Nbd7 8. e4
a6 9. Rb1 exd4 10. Nxd4 Rb8 11. b3 Re8 12. h3 c5 13. Nc2 b5 14. cxb5 axb5 15.
b4 Qc7 16. Bb2 Ne5 17. Ne3 Be6 18. Ncd5 Bxd5 19. Nxd5 Nxd5 20. Qxd5 Nc4 21.
Bxg7 Kxg7 22. Rfc1 Qa7 23. a4 Na3 24. Rb3 cxb4 25. axb5 Rxb5 26. Qxd6 Qa4 27.
Rf3 Rb7 28. e5 b3 29. Qf6+ Kg8 30. e6 Rxe6 31. Rc8+ Re8 32. Rxe8+ Qxe8 33. Re3
Qxe3 34. fxe3 b2 35. Qd8+ Kg7 36. Qd4+ Kg8 37. Qd8+ Kg7 38. Qd4+ Kg8 39. Be4
b1=Q+ 40. Bxb1 Rxb1+ 41. Kf2 h5 42. Qd8+ Kg7 43. Qd3 Rb2+ 44. Kf3 Nb5 45. Qd5
Rb1 46. Qe5+ Kg8 47. Ke4 Na7 48. Qe8+ Kg7 49. Qa4 Rb7 50. Qa1+ Kg8 51. Kf4 Re7
52. Kg5 Rd7 53. Kh6 Kf8 54. Qa3+ Ke8 55. Kg7 Kd8 56. Qa5+ Ke7 57. Qe5+ Kd8 58.
Qf6+ Kc7 59. Qe5+ Kb7 60. Qe8 Kc7 61. Qxf7 Nc6 62. Qxd7+ Kxd7 63. Kxg6 Ne5+ 64.
Kxh5 Nc4 65. Kg6 Nxe3 66. h4 Ke8 67. h5 Kf8 68. Kg5 Kg7 69. Kf4 Nd5+ 70. Ke5
Nf6 1/2-1/2

[Event "NCL967 Witney-Barbican"]
[Site "Rd1"]
[Date "1996.10.19"]
[Round "1.4"]
[White "Twyble, Michael"]
[Black "Headlong, Tim"]
[Result "0-1"]
[WhiteElo "2250"]
[BlackElo "2250"]
[PlyCount "46"]
[EventDate "1996.10.19"]
[Source "J.Saunders"]
[SourceDate "1998.06.06"]

1. e4 c5 2. Nf3 g6 3. c3 Bg7 4. d4 cxd4 5. cxd4 d5 6. e5 Nc6 7. h3 Bf5 8. Nc3
e6 9. Be2 h5 10. O-O a6 11. Be3 f6 12. exf6 Bxf6 13. Qd2 Qe7 14. Rfe1 Rd8 15.
Rad1 Qg7 16. Bd3 Nge7 17. Bxf5 Nxf5 18. Ng5 Rd6 19. Bf4 Bxg5 20. Bxg5 O-O 21.
Bf4 Rd7 22. Rxe6 Qf7 23. Rd6 Nxd6 0-1

[Event "NCL967 Witney-Barbican"]
[Site "Rd1"]
[Date "1996.10.19"]
[Round "1.5"]
[White "Cooksey, Paul"]
[Black "Sands, David"]
[Result "1-0"]
[WhiteElo "2150"]
[BlackElo "2260"]
[PlyCount "71"]
[EventDate "1996.10.19"]
[Source "J.Saunders"]
[SourceDate "1998.06.06"]

1. e4 c5 2. Nf3 Nc6 3. c3 d5 4. exd5 Qxd5 5. d4 Nf6 6. dxc5 Qxc5 7. Na3 Bg4 8.
Nb5 Rc8 9. Be3 Qh5 10. Nxa7 Nxa7 11. Bxa7 Qa5 12. Be3 Nd5 13. Qd3 Nxe3 14. Qb5+
Qxb5 15. Bxb5+ Kd8 16. fxe3 Rc5 17. a4 f6 18. h3 Bxf3 19. gxf3 g6 20. Ke2 Bh6
21. Rad1+ Kc8 22. Rd4 Rd8 23. Rhd1 Rxd4 24. Rxd4 f5 25. c4 Bg7 26. Rd2 b6 27.
b3 Rc7 28. Rd3 Be5 29. Ba6+ Kb8 30. Rd8+ Ka7 31. Bb5 Bb2 32. Bd7 Rb7 33. Bc6
Rb8 34. Rd7+ Ka6 35. b4 Ba3 36. Bb5# 1-0

[Event "NCL967 Witney-Barbican"]
[Site "Rd1"]
[Date "1996.10.19"]
[Round "1.6"]
[White "Moore, John C"]
[Black "Dickinson, Tim"]
[Result "1-0"]
[WhiteElo "2155"]
[BlackElo "2165"]
[PlyCount "99"]
[EventDate "1996.10.19"]
[Source "J.Saunders"]
[SourceDate "1998.06.06"]

1. e4 c6 2. d4 d5 3. exd5 cxd5 4. Bd3 Nf6 5. c3 Bg4 6. Qb3 Qc7 7. Ne2 Bxe2 8.
Bxe2 e6 9. Na3 a6 10. Be3 Nbd7 11. O-O b5 12. Rfe1 Bd6 13. h3 Ne4 14. Bf3 Ndf6
15. Nb1 O-O 16. Nd2 Nxd2 17. Bxd2 Rab8 18. Rac1 Rfc8 19. Bg5 Nd7 20. Qd1 Qa5
21. a3 Qb6 22. Bh5 a5 23. Qd3 b4 24. cxb4 axb4 25. a4 h6 26. Bd2 Nf6 27. Bf3 b3
28. a5 Qb7 29. Rc3 Rxc3 30. Bxc3 Ne8 31. Ra1 Nc7 32. Be2 Qc6 33. g3 Bb4 34.
Bxb4 Rxb4 35. a6 Na8 36. Kg2 Nb6 37. a7 Ra4 38. Rxa4 Qxa4 39. Qa6 Qxd4 40. Qxb6
Qxb6 41. a8=Q+ Kh7 42. Bd3+ g6 43. Qa4 Kg7 44. Qb5 Qd4 45. Qxb3 e5 46. Qc3 Qxc3
47. bxc3 e4 48. Bb5 Kf6 49. Kf1 Ke5 50. Be8 1-0

[Event "NCL967 Witney-Barbican"]
[Site "Rd1"]
[Date "1996.10.19"]
[Round "1.8"]
[White "Lang, Heather"]
[Black "Moxley, Carl"]
[Result "1-0"]
[WhiteElo "2065"]
[BlackElo "1888"]
[PlyCount "69"]
[EventDate "1996.10.19"]
[Source "J.Saunders"]
[SourceDate "1998.06.06"]

1. e4 c5 2. Nc3 Nc6 3. g3 g6 4. Bg2 Bg7 5. d3 d6 6. Be3 e6 7. Qd2 Nge7 8. Bh6
O-O 9. h4 Qe8 10. Bxg7 Kxg7 11. h5 f6 12. hxg6 Qxg6 13. Nge2 e5 14. O-O-O Nd4
15. Nxd4 cxd4 16. Ne2 b6 17. Bh3 d5 18. Bg2 Bb7 19. Rh4 dxe4 20. Bxe4 Bxe4 21.
dxe4 Rh8 22. f3 Kf8 23. Qd3 Qf7 24. Kb1 Rc8 25. c3 Ng6 26. Rh2 dxc3 27. Nxc3
Kg7 28. Qb5 Rhd8 29. Rhd2 Rc5 30. Rxd8 Rxb5 31. Nxb5 Qc4 32. R8d7+ Kh6 33. Nd6
Qe2 34. Rh1+ Kg5 35. Nf7# 1-0

[Event "NCL967 SW Dragons-Midland Mons"]
[Site "Rd1"]
[Date "1996.10.19"]
[Round "1.1"]
[White "Cummings, David"]
[Black "Hebden, Mark"]
[Result "0-1"]
[WhiteElo "2360"]
[BlackElo "2530"]
[PlyCount "60"]
[EventDate "1996.10.19"]
[Source "J.Saunders"]
[SourceDate "1998.06.06"]

1. d4 Nf6 2. c4 g6 3. Nc3 Bg7 4. e4 d6 5. Nf3 O-O 6. Be2 e5 7. d5 Na6 8. Nd2 h5
9. a3 c5 10. Nf3 Nh7 11. h4 Nc7 12. Bd2 Bd7 13. b4 b6 14. g3 Ne8 15. Kf1 f5 16.
Ng5 f4 17. Nxh7 Kxh7 18. Kg2 Bh6 19. Ra2 Rc8 20. b5 Rc7 21. g4 hxg4 22. Bxg4
Bxg4 23. Qxg4 f3+ 24. Kf1 Nf6 25. Qh3 Bxd2 26. Rxd2 Nh5 27. Rg1 Rf4 28. Rg5
Rcf7 29. Rd3 Kh6 30. Rg4 Qd7 0-1

[Event "NCL967 SW Dragons-Midland Mons"]
[Site "Rd1"]
[Date "1996.10.19"]
[Round "1.2"]
[White "Arkell, Keith"]
[Black "Zeidler, Sven"]
[Result "1/2-1/2"]
[WhiteElo "2545"]
[BlackElo "2265"]
[PlyCount "98"]
[EventDate "1996.10.19"]
[Source "J.Saunders"]
[SourceDate "1998.06.06"]

1. d4 f5 2. g3 Nf6 3. Bg2 g6 4. b3 Bg7 5. Bb2 O-O 6. Nf3 Ne4 7. Nbd2 Nc6 8. c4
d6 9. O-O a5 10. Nxe4 fxe4 11. Ne1 Bf5 12. Nc2 h5 13. Ne3 e6 14. Qd2 d5 15.
Nxf5 gxf5 16. cxd5 exd5 17. Rac1 Qd6 18. Qg5 a4 19. Qxh5 axb3 20. axb3 Ra2 21.
Ba1 Nxd4 22. Bxd4 Bxd4 23. Bh3 Qd7 24. e3 Bb6 25. Qg6+ Kh8 26. Rfd1 c6 27. b4
Rb2 28. Rb1 Rxb1 29. Rxb1 Bc7 30. Ra1 Be5 31. Ra7 d4 32. exd4 Bxd4 33. Qh6+ Kg8
34. Qd2 Qg7 35. Ra5 b5 36. Ra6 f4 37. Qa2+ Kh8 38. Kh1 e3 39. fxe3 Bxe3 40.
Rxc6 fxg3 41. Bg2 gxh2 42. Qb1 Ra8 43. Qf5 Ra1+ 44. Kxh2 Qh7+ 45. Qxh7+ Kxh7
46. Rc7+ Kh6 47. Rb7 Rb1 48. Rxb5 Bd2 49. Rb6+ Kg5 1/2-1/2

[Event "NCL967 SW Dragons-Midland Mons"]
[Site "Rd1"]
[Date "1996.10.19"]
[Round "1.3"]
[White "James, David J"]
[Black "Collinson, Adam"]
[Result "1/2-1/2"]
[WhiteElo "2260"]
[BlackElo "2380"]
[PlyCount "33"]
[EventDate "1996.10.19"]
[Source "J.Saunders"]
[SourceDate "1998.06.06"]

1. d4 d6 2. e4 Nf6 3. f3 Nbd7 4. c4 e5 5. d5 Be7 6. Be3 Nh5 7. Qd2 h6 8. Nc3
Bg5 9. O-O-O Bxe3 10. Qxe3 Qg5 11. Qxg5 hxg5 12. Nh3 Nb8 13. Nf2 Ke7 14. g3 a5
15. Bh3 Na6 16. Bxc8 Raxc8 17. Rdg1 1/2-1/2

[Event "NCL967 SW Dragons-Midland Mons"]
[Site "Rd1"]
[Date "1996.10.19"]
[Round "1.4"]
[White "Turner, Matthew"]
[Black "Saunders, John"]
[Result "1-0"]
[WhiteElo "2425"]
[BlackElo "2240"]
[PlyCount "81"]
[EventDate "1996.10.19"]
[Source "J.Saunders"]
[SourceDate "1998.06.06"]

1. c4 g6 2. Nc3 Bg7 3. g3 d6 4. Bg2 c5 5. e3 Nf6 6. Nge2 O-O 7. O-O Nbd7 8. d4
a6 9. b3 Rb8 10. a4 b6 11. Bb2 e6 12. Re1 Qe7 13. Qd2 Bb7 14. Rad1 Bxg2 15.
Kxg2 Rfd8 16. e4 Ne8 17. f4 Nc7 18. Qc2 Nf6 19. h3 Qe8 20. Kh2 Nd7 21. dxc5
dxc5 22. e5 f6 23. exf6 Nxf6 24. Ng1 Qc6 25. Qe2 Rxd1 26. Nxd1 Rd8 27. Nf3 Nfe8
28. Be5 Bxe5 29. Nxe5 Qd6 30. Nf2 Qd2 31. Ne4 Qxe2+ 32. Rxe2 Rd1 33. a5 bxa5
34. Nxc5 Nd6 35. g4 Nf7 36. Nc6 Ra1 37. Nd4 Nd8 38. f5 gxf5 39. gxf5 exf5 40.
Re7 Rd1 41. Nxf5 1-0

[Event "NCL967 SW Dragons-Midland Mons"]
[Site "Rd1"]
[Date "1996.10.19"]
[Round "1.5"]
[White "Morris, Charles"]
[Black "Ferguson, Mark"]
[Result "0-1"]
[WhiteElo "2215"]
[BlackElo "2385"]
[PlyCount "110"]
[EventDate "1996.10.19"]
[Source "J.Saunders"]
[SourceDate "1998.06.06"]

1. c4 e5 2. Nc3 Nf6 3. g3 d5 4. cxd5 Nxd5 5. Bg2 Nb6 6. d3 Be7 7. Nf3 Nc6 8. a3
O-O 9. b4 f6 10. Bb2 a5 11. b5 Nd4 12. Nxd4 exd4 13. Na4 Qd6 14. Rc1 Qe5 15.
Nxb6 cxb6 16. Qa4 Bc5 17. e3 Qe7 18. Bxd4 Bxa3 19. Rc2 Bb4+ 20. Bc3 Bf5 21.
Qb3+ Kh8 22. Bxb4 axb4 23. Qd5 Ra1+ 24. Ke2 Rxh1 25. Bxh1 Bg6 26. Qxb7 Qe5 27.
Qd5 Qa1 28. Bf3 Qa3 29. Qd6 Rg8 30. Rd2 Qa5 31. Bd5 Bh5+ 32. f3 Re8 33. Qd7 Qa1
34. Rc2 Qg1 35. Rc8 Qxe3+ 36. Kd1 Qxd3+ 37. Kc1 Qe3+ 38. Kd1 g5 39. Kc2 Bg6+
40. Be4 Bxe4+ 41. fxe4 Qxe4+ 42. Kb2 Qe5+ 43. Kb3 Rxc8 44. Qxc8+ Kg7 45. Qd7+
Kh6 46. Kxb4 Qb2+ 47. Kc4 Qxh2 48. g4 Qc2+ 49. Kb4 Qe4+ 50. Kb3 Kg6 51. Qc8
Qe3+ 52. Kc2 Kf7 53. Qf5 Ke7 54. Qxh7+ Kd6 55. Qf5 Qc5+ 0-1

[Event "NCL967 SW Dragons-Midland Mons"]
[Site "Rd1"]
[Date "1996.10.19"]
[Round "1.7"]
[White "Smith, Jeff R"]
[Black "Mason, Don"]
[Result "1/2-1/2"]
[WhiteElo "2200"]
[BlackElo "2275"]
[PlyCount "40"]
[EventDate "1996.10.19"]
[Source "J.Saunders"]
[SourceDate "1998.06.06"]

1. e4 e6 2. d4 d5 3. e5 c5 4. c3 Qb6 5. Nf3 Nc6 6. a3 c4 7. g3 Na5 8. Nbd2 Bd7
9. Bg2 Be7 10. O-O h5 11. h4 Nh6 12. Re1 Nf5 13. Nf1 O-O-O 14. Qe2 Kb8 15. Bf4
Ba4 16. Ng5 Rdf8 17. Ne3 Nxe3 18. Bxe3 Ka8 19. Bf4 Bxg5 20. Bxg5 Nc6 1/2-1/2

[Event "NCL967 Bristol-Northumbria"]
[Site "Rd1"]
[Date "1996.10.19"]
[Round "1.1"]
[White "Baker, Chris W"]
[Black "McNab, Colin"]
[Result "0-1"]
[WhiteElo "2370"]
[BlackElo "2465"]
[PlyCount "82"]
[EventDate "1996.10.19"]
[Source "J.Saunders"]
[SourceDate "1998.06.06"]

1. e4 g6 2. d4 d6 3. Nc3 c6 4. Bc4 Nf6 5. Qe2 Bg7 6. e5 Nd5 7. Nf3 Be6 8. Ne4
dxe5 9. dxe5 h6 10. O-O Nd7 11. Nd4 Nxe5 12. Nxe6 fxe6 13. Bb3 O-O 14. Bd2 Qb6
15. c4 Nf4 16. Bxf4 Rxf4 17. c5 Qb4 18. f3 Qd4+ 19. Kh1 Qd3 20. Bxe6+ Kh7 21.
Qxd3 Nxd3 22. g3 Rff8 23. Rad1 Rad8 24. b3 Rd4 25. h4 Rfd8 26. Kh2 Nxc5 27.
Rxd4 Bxd4 28. Nxc5 Bxc5 29. Kh3 Kg7 30. Rc1 Kf6 31. Bc4 Rd2 32. Re1 e5 33. a4
a6 34. Re2 Rd1 35. f4 exf4 36. gxf4 Bd6 37. h5 gxh5 38. Re6+ Kf5 39. Rxh6 Kxf4
40. Be2 Rd2 41. Bf1 Kg5 0-1

[Event "NCL967 Bristol-Northumbria"]
[Site "Rd1"]
[Date "1996.10.19"]
[Round "1.3"]
[White "Cole, Roland"]
[Black "Bell, Stephen"]
[Result "1/2-1/2"]
[WhiteElo "2215"]
[BlackElo "2365"]
[PlyCount "38"]
[EventDate "1996.10.19"]
[Source "J.Saunders"]
[SourceDate "1998.06.06"]

1. d4 e6 2. Nf3 Nf6 3. Bf4 c5 4. e3 Qb6 5. Qc1 Nc6 6. c3 d5 7. Bd3 Bd7 8. Nbd2
Rc8 9. Qb1 Be7 10. h3 cxd4 11. exd4 Na5 12. Ne5 Bb5 13. O-O Bxd3 14. Qxd3 O-O
15. Rab1 a6 16. Bg5 Qb5 17. Qe3 Nc4 18. Nexc4 dxc4 19. Ne4 Nd5 1/2-1/2

[Event "NCL967 Bristol-Northumbria"]
[Site "Rd1"]
[Date "1996.10.19"]
[Round "1.4"]
[White "Wall, Tim"]
[Black "Collier, David"]
[Result "1-0"]
[WhiteElo "2320"]
[BlackElo "2225"]
[PlyCount "83"]
[EventDate "1996.10.19"]
[Source "J.Saunders"]
[SourceDate "1998.06.06"]

1. e4 c5 2. d3 g6 3. f4 Bg7 4. Nf3 Nc6 5. Be2 d6 6. O-O e6 7. c3 Nge7 8. d4
cxd4 9. cxd4 O-O 10. Nc3 a6 11. Be3 b5 12. Rc1 Bb7 13. Kh1 Rc8 14. Bd3 Qd7 15.
Bb1 Na5 16. b3 Rc7 17. Qd2 Rfc8 18. Ne2 Rxc1 19. Nxc1 Nac6 20. Nd3 Nd8 21. Nf2
Qc7 22. h3 f5 23. Qe2 fxe4 24. Nxe4 Nf5 25. Bf2 Bxe4 26. Bxe4 Qd7 27. d5 e5 28.
fxe5 dxe5 29. Rd1 Nd6 30. Ng5 Nxe4 31. Nxe4 Nb7 32. d6 h6 33. Qg4 Qxg4 34. hxg4
Rf8 35. d7 Kf7 36. Bb6 Nd8 37. Bc5 Rh8 38. Nd6+ Ke6 39. Ne8 Bf8 40. Nc7+ Kf7
41. Rf1+ Kg7 42. Ne8+ 1-0

[Event "NCL967 Bristol-Northumbria"]
[Site "Rd1"]
[Date "1996.10.19"]
[Round "1.5"]
[White "Copeland, Graham"]
[Black "Ledger, David"]
[Result "1-0"]
[WhiteElo "2335"]
[BlackElo "2235"]
[PlyCount "59"]
[EventDate "1996.10.19"]
[Source "J.Saunders"]
[SourceDate "1998.06.06"]

1. d4 Nf6 2. c4 g6 3. Nc3 Bg7 4. e4 d6 5. f3 O-O 6. Be3 e5 7. d5 c6 8. Bd3 a6
9. Nge2 Nbd7 10. O-O cxd5 11. cxd5 Ne8 12. Rc1 f5 13. exf5 gxf5 14. f4 e4 15.
Bb1 Ndf6 16. h3 Bd7 17. a3 Kh8 18. Ba2 Qe7 19. Na4 Qf7 20. Nb6 Rb8 21. Nd4 Qg6
22. Qd2 Bh6 23. Rc2 Rg8 24. Qf2 Ng7 25. Rc7 Be8 26. Nc8 Ngh5 27. Ne7 Qf7 28.
Nxg8 Qxg8 29. Nxf5 Bf8 30. Bd4 1-0

[Event "NCL967 Bristol-Northumbria"]
[Site "Rd1"]
[Date "1996.10.19"]
[Round "1.6"]
[White "Waters, Clive"]
[Black "Appleton, Fred"]
[Result "0-1"]
[WhiteElo "2235"]
[BlackElo "1864"]
[PlyCount "90"]
[EventDate "1996.10.19"]
[Source "J.Saunders"]
[SourceDate "1998.06.06"]

1. c4 g6 2. g3 c5 3. Bg2 Bg7 4. Nc3 Nc6 5. a3 a6 6. Rb1 Rb8 7. Qa4 b5 8. cxb5
axb5 9. Nxb5 Nf6 10. e3 Qb6 11. Nc3 Ne5 12. Bf1 Bb7 13. f3 Nxf3+ 14. Nxf3 Bxf3
15. Rg1 O-O 16. Qf4 Bc6 17. Be2 d5 18. b4 d4 19. bxc5 Qxb1 20. Nxb1 Rxb1 21.
Kf2 Ne4+ 22. Kg2 Ng5+ 23. e4 Bxe4+ 24. Qxe4 Nxe4 25. Bd3 Nxd2 26. Bxd2 Rb2 27.
Rd1 Bh6 28. c6 Rc8 29. Bb5 Rxd2+ 30. Rxd2 Bxd2 31. Kf3 f5 32. Ke2 Bc1 33. a4
Ba3 34. a5 Bc5 35. Kd3 Rc7 36. Kc4 Ba7 37. Kd5 Kf7 38. Bc4 Kf6 39. h4 h6 40.
Bd3 e5 41. Kd6 Bb8 42. a6 e4 43. Bc4 d3 44. Kd5 d2 45. Be2 Ra7 0-1

[Event "NCL967 Croydon-Wessex"]
[Site "Rd1"]
[Date "1996.10.19"]
[Round "1.1"]
[White "Wilson, Jon"]
[Black "Yeo, Michael"]
[Result "1/2-1/2"]
[WhiteElo "2285"]
[BlackElo "2205"]
[PlyCount "48"]
[EventDate "1996.10.19"]
[Source "J.Saunders"]
[SourceDate "1998.06.06"]

1. d4 d5 2. c4 Nc6 3. cxd5 Qxd5 4. e3 e5 5. Nc3 Bb4 6. Bd2 Bxc3 7. bxc3 Qd6 8.
Bd3 Nf6 9. f3 O-O 10. Ne2 Be6 11. O-O Rad8 12. Qe1 Rfe8 13. Qf2 Na5 14. e4 Bc4
15. Bxc4 Nxc4 16. Bg5 a6 17. Qh4 h6 18. Bxf6 Qxf6 19. Qxf6 gxf6 20. Rfd1 f5 21.
Ng3 Ne3 22. Rd3 f4 23. Nf1 Nc4 24. Rdd1 f6 1/2-1/2

[Event "NCL967 Croydon-Wessex"]
[Site "Rd1"]
[Date "1996.10.19"]
[Round "1.2"]
[White "Upton, Ian"]
[Black "Harley, Andrew"]
[Result "1/2-1/2"]
[WhiteElo "2235"]
[BlackElo "2265"]
[PlyCount "62"]
[EventDate "1996.10.19"]
[Source "J.Saunders"]
[SourceDate "1998.06.06"]

1. e4 e6 2. d4 d5 3. Nc3 Bb4 4. e5 c5 5. dxc5 Nc6 6. Nf3 Nge7 7. Bd3 d4 8. a3
Ba5 9. b4 Nxb4 10. axb4 Bxb4 11. Nd2 Bxc3 12. Rb1 Qd5 13. O-O Bxd2 14. Bxd2 Bd7
15. Re1 Bc6 16. Be4 Qd7 17. Rb3 O-O-O 18. Qa1 Kb8 19. Bd3 f6 20. Reb1 fxe5 21.
Ba6 Ka8 22. Bxb7+ Bxb7 23. Rxb7 Qxb7 24. Rxb7 Kxb7 25. Bg5 Rd7 26. Qa4 Nc6 27.
Qb3+ Kc7 28. Qxe6 Rb8 29. h3 Rb5 30. Qc4 a6 31. Bd2 Ne7 1/2-1/2

[Event "NCL967 Croydon-Wessex"]
[Site "Rd1"]
[Date "1996.10.19"]
[Round "1.3"]
[White "Ledger, Stephen"]
[Black "Neil, David"]
[Result "1/2-1/2"]
[WhiteElo "2250"]
[BlackElo "2295"]
[PlyCount "108"]
[EventDate "1996.10.19"]
[Source "J.Saunders"]
[SourceDate "1998.06.06"]

1. d4 Nf6 2. Nf3 g6 3. Bf4 Bg7 4. e3 O-O 5. h3 b6 6. c4 Bb7 7. Nc3 d6 8. Be2
Nbd7 9. O-O Re8 10. Rc1 e5 11. Bh2 e4 12. Nd2 h5 13. b4 a5 14. a3 axb4 15. axb4
Nf8 16. Nb3 Ne6 17. Nb5 Bf8 18. d5 Ng7 19. N3d4 Nd7 20. Ra1 Ne5 21. Rxa8 Bxa8
22. Qa4 c5 23. dxc6 Nxc6 24. Rd1 Nxd4 25. Nxd4 Qf6 26. Qb5 Qd8 27. c5 bxc5 28.
bxc5 dxc5 29. Nf5 Qc8 30. Nh6+ Kh7 31. Nxf7 Qc6 32. Qxc6 Bxc6 33. Ne5 Ba4 34.
Ra1 Bb3 35. Ra7 Rc8 36. Bc4 Bxc4 37. Nxc4 Rd8 38. Be5 Re8 39. Bc3 Kg8 40. Ne5
Re6 41. Nd7 Ne8 42. Nxf8 Kxf8 43. Ra5 Rc6 44. Rxc5 Rxc5 45. Bb4 Kf7 46. Bxc5
Ke6 47. Kh2 Kf5 48. f4 Ng7 49. Be7 Ke6 50. Bh4 Nf5 51. Bf2 h4 52. Kg1 Kd5 53.
Kf1 Kc4 54. Ke2 Kc3 1/2-1/2

[Event "NCL967 Croydon-Wessex"]
[Site "Rd1"]
[Date "1996.10.19"]
[Round "1.4"]
[White "Noyce, Robert"]
[Black "Laurence, Adrian"]
[Result "1-0"]
[WhiteElo "2205"]
[BlackElo "1768"]
[PlyCount "81"]
[EventDate "1996.10.19"]
[Source "J.Saunders"]
[SourceDate "1998.06.06"]

1. e4 d5 2. Nc3 dxe4 3. Nxe4 e5 4. Nf3 Nf6 5. Ng3 Bd6 6. Bc4 O-O 7. d3 Qe7 8.
O-O Be6 9. Bxe6 Qxe6 10. Re1 Nfd7 11. d4 f6 12. c3 Qf7 13. Nf5 Re8 14. Nxd6
cxd6 15. dxe5 dxe5 16. Be3 Nc6 17. b3 Rad8 18. Qc2 Nf8 19. a3 Rd7 20. c4 Red8
21. b4 Ne6 22. Qa4 Ned4 23. Bxd4 Nxd4 24. Nxd4 exd4 25. c5 d3 26. Rad1 d2 27.
Re3 a6 28. Qb3 Qxb3 29. Rxb3 Rd3 30. Rxd3 Rxd3 31. Kf1 Kf7 32. Ke2 Rxa3 33.
Rxd2 Ke7 34. Rd6 Rb3 35. Rb6 Rb2+ 36. Ke3 Rb3+ 37. Kd4 a5 38. Rxb7+ Ke6 39.
Rb6+ Kd7 40. bxa5 Ra3 41. a6 1-0

[Event "NCL967 Croydon-Wessex"]
[Site "Rd1"]
[Date "1996.10.19"]
[Round "1.5"]
[White "McGrath, James"]
[Black "Tunks, Dominic"]
[Result "1/2-1/2"]
[WhiteElo "2088"]
[BlackElo "2112"]
[PlyCount "54"]
[EventDate "1996.10.19"]
[Source "J.Saunders"]
[SourceDate "1998.06.06"]

1. c4 Nf6 2. Nc3 c6 3. e4 d6 4. d4 g6 5. f4 Bg7 6. Nf3 O-O 7. Be2 a6 8. a4 d5
9. e5 Ne8 10. Qb3 Nc7 11. O-O dxc4 12. Bxc4 b5 13. Be2 Be6 14. Qc2 b4 15. Ne4
a5 16. Nc5 Bd5 17. Be3 Nd7 18. Rac1 Nxc5 19. Qxc5 Ne6 20. Qc2 Rb8 21. Ng5 Nxg5
22. fxg5 b3 23. Qc5 Rb4 24. Ra1 Be4 25. Bc4 Bd5 26. Be2 Be4 27. Bc4 Bd5 1/2-1/2

[Event "NCL967 Croydon-Wessex"]
[Site "Rd1"]
[Date "1996.10.19"]
[Round "1.8"]
[White "Howard, Emily"]
[Black "Turvey, Syringa"]
[Result "1-0"]
[WhiteElo "1904"]
[BlackElo "1624"]
[PlyCount "53"]
[EventDate "1996.10.19"]
[Source "J.Saunders"]
[SourceDate "1998.06.06"]

1. e4 c5 2. c3 e6 3. Nf3 d6 4. d4 Nc6 5. Bd3 Nf6 6. O-O Be7 7. Re1 h6 8. h3 Qb6
9. Na3 cxd4 10. cxd4 d5 11. exd5 Nxd5 12. Nc4 Qc7 13. Be3 O-O 14. Rc1 Nxe3 15.
Rxe3 Qf4 16. Re4 Qf6 17. Nce5 Nb4 18. Bb1 Bd6 19. a3 Nd5 20. Qd3 Qe7 21. Rh4
Nf6 22. Ng4 Rd8 23. Nge5 Bd7 24. Qd2 Rac8 25. Re1 Bc6 26. Qe3 Bd5 27. g4 {(?)}
1-0

[Event "NCL967 Guildford-Invicta Kts"]
[Site "Rd1"]
[Date "1996.10.19"]
[Round "1.1"]
[White "Kennaugh, Charles"]
[Black "McDonald, Neil"]
[Result "0-1"]
[WhiteElo "2290"]
[BlackElo "2500"]
[PlyCount "46"]
[EventDate "1996.10.19"]
[Source "J.Saunders"]
[SourceDate "1998.06.06"]

1. e4 c5 2. Nf3 Nc6 3. d4 cxd4 4. Nxd4 e5 5. Nxc6 bxc6 6. Bc4 Ba6 7. Qd3 Bxc4
8. Qxc4 Nf6 9. O-O Be7 10. b3 O-O 11. Bb2 d5 12. Qxc6 Rc8 13. Qa6 Rxc2 14. Bxe5
dxe4 15. Na3 Bxa3 16. Qxa3 e3 17. Qxa7 Ng4 18. Bg3 f5 19. h3 f4 20. hxg4 fxg3
21. fxe3 Rcf2 22. Rxf2 gxf2+ 23. Kf1 Qd3# 0-1

[Event "NCL967 Guildford-Invicta Kts"]
[Site "Rd1"]
[Date "1996.10.19"]
[Round "1.2"]
[White "Gormally, Danny"]
[Black "Thompson, Ian"]
[Result "1-0"]
[WhiteElo "2300"]
[BlackElo "2300"]
[PlyCount "83"]
[EventDate "1996.10.19"]
[Source "J.Saunders"]
[SourceDate "1998.06.06"]

1. d4 e6 2. c4 b6 3. Nf3 Nf6 4. a3 Bb7 5. Nc3 d5 6. cxd5 exd5 7. Bg5 Be7 8. g3
O-O 9. Bg2 Ne4 10. Bxe7 Qxe7 11. O-O Nxc3 12. bxc3 Nd7 13. Re1 Rfe8 14. Qd3 c5
15. Nd2 Nf6 16. a4 Ne4 17. a5 c4 18. Qc2 Nd6 19. Qb2 b5 20. a6 Bc6 21. e3 Rab8
22. Qb4 Rb6 23. Qc5 Ba8 24. Bxd5 Bxd5 25. Qxd5 Rc8 26. e4 Rcc6 27. e5 Ne8 28.
Qf3 Rxa6 29. Rxa6 Rxa6 30. Qa8 h6 31. d5 Kh7 32. Nf3 Nc7 33. Qc8 Qc5 34. d6 Ra2
35. Qf5+ Kg8 36. Nd4 Ne6 37. Nxe6 fxe6 38. Qxe6+ Kh8 39. Qf7 Rd2 40. e6 Qd5 41.
Qf8+ Kh7 42. e7 1-0